000 00465nam a2200181Ia 4500
001 3047
005 20260306144852.0
008 260306t2006||||xx |||||||||||||| ||spa||
041 _aESP
082 _a245.45
_bP77
100 _aPontificio Consejo Cor Unum
_eAUT
245 0 _aDeus caritas est:
_bActas del Congreso Mundial sobre la Caridad
260 _c2006
300 _a179 páginas :
_c24 cm.
650 _aGEN
654 _aCHU
942 _cLIB
_dJUS
_fJUS
_2ddc
_n
999 _c3047
_d3047